=LDR 00000nam 2200000 4500 =001 INLIS000000000008197 =005 20130612100112 =008 ***********************************Ind** =035 ##$$0010-061300000008197 =041 ##$$a Ind =082 ##$$a 801.95 =090 ##$$a 801.95, Pri n =100 ##$$a Prihatmi, Sri Raharja =245 ##$$a NH Din, karya dan dunianya, Sri Rahaya Prihatmi =260 ##$$a 1999 $b Jakarta =300 ##$$a xi, 81 hlm, 21 cm =650 ##$$a Kesusastraan sejarah dan kritik